| 000 | 01013pab a2200181 454500 | ||
|---|---|---|---|
| 008 | 180718b2015 xxu||||| |||| 00| 0 eng d | ||
| 100 | _aKamath, Lalitha | ||
| 245 | _aHow a participatory process can matter in planning the city | ||
| 260 | _c2015 | ||
| 300 | _ap.54-61. | ||
| 362 | _a26 Sep | ||
| 520 | _aWhile Indian cities experience newer challenges, and city visions are increasingly grandiose, planning continues to be straitjacketed. Looking specifically at the process so far in the creation of Mumbai's third Development Plan, the article traces people's collectivisation around the DP, as well as the nuances and outcomes of this participation. While highlighting larger challenges in planning for the city, it has emphasised the importance of local government autonomy and its responsibility to respond to local needs. - Reproduced. | ||
| 650 | _aParticipatory development | ||
| 650 | _aUrban planning | ||
| 700 | _aJoseph, Marina | ||
| 773 | _aEconomic and Political Weekly | ||
| 909 | _a108991 | ||
| 999 |
_c108986 _d108986 |
||